000 00885nam a2200289 a 4500
001 14511
003 BD-RjUL
005 20211208235636.0
008 140206s1949 nyua b 001 0 eng d
035 _aOCLC ocm00410673 from D970828M
_a(BD-RjUL)14563
040 _aDLC
_cKEN
_dMDU
_dBD-RjUL
_beng
041 _aeng
082 _a572
_bGOO 1953
_223
100 1 _aGortner, Ross Aiken,
_d1885-1942.
_945246
245 1 0 _aOutlines of biochemistry /
250 _a3d ed.,
260 _aNew York :
_bJ. Wiley,
_cc19453
300 _axvi, 1078 p. :
_billus. ;
_c24 cm.
504 _aBibliographical footnotes and index.
650 0 _aBiochemistry.
_945247
650 0 _aChemistry, Organic.
_945248
650 0 _aChemistry, Physical and theoretical.
_945249
700 1 _aGortner, Ross Aiken,
_d1912-
_9227830
942 _2ddc
_cBK
999 _c14511
_d14511